000
00319nam a22001217a 4500
008
160422b xxu||||| |||| 00| 0 eng d
020
_a
9780815143055
020
_a
081543052
041
_a
eng
080
_a
618.2
245
_a
Cinical nursing skills techniques:
_c
Anne Griffin Perry; Patrcia A. Potter;
942
_2
udc
_c
BK
999
_c
1518
_d
1518